[Event "Mersin op-B 7th"]
[Site "Mersin"]
[Date "2023.11.14"]
[Round "4"]
[White "Erdogan, Atakan"]
[Black "Unsal, Gorkem"]
[Result "0-1"]
[WhiteElo "1849"]
[BlackElo "1812"]
[PlyCount "106"]
[EventDate "2023.11.12"]
[EventType "swiss"]
[EventRounds "9"]
[EventCountry "TUR"]
[SourceTitle "CB49_2023"]
[SourceDate "2023.12.06"]
[SourceVersion "1"]
[SourceVersionDate "2023.12.06"]
[SourceQuality "1"]

1. c4 e5 2. Nc3 Nc6 3. g3 Bc5 4. Bg2 d6 5. e3 a6 6. Nge2 h5 7. h4 Nge7 8. a3 0-0 9. b4 Ba7 10. Bb2 Bg4 11. Qc2 Qd7 12. 0-0-0 b5 13. d3 Rab8 14. Rd2 Bf5 15. Be4 Bxe4 16. Nxe4 a5 17. cxb5 Rxb5 18. N4c3 Rbb8 19. b5 Nd8 20. d4 exd4 21. Nxd4 Bxd4 22. Rxd4 Ne6 23. Rd2 Nc5 24. Rhd1 Qe6 25. Kb1 Rfd8 26. a4 c6 27. Ba3 Nb7 28. Ka1 cxb5 29. Nxb5 Rbc8 30. Qa2 d5 31. Nd4 Qd7 32. Nb5 Qe6 33. Nd4 Qf6 34. Qb3 Nd6 35. Bxd6 Rxd6 36. Rc2 Rxc2 37. Qxc2 Rc6 38. Qb3 Rc4 39. Rd2 Nc6 40. Ka2 Nb4+ 41. Kb1 Na6 42. Nc2 Nb4 43. Nd4 Qg6+ 44. Kb2 Na6 45. Nc2 Nc5 46. Qb5 Nxa4+ 47. Kb3 Qe4 48. Qxa5 Nc5+ 49. Kb2 Nd3+ 50. Kb3 Rc8 51. Qb5 Nc5+ 52. Kb2 Na4+ 53. Kc1 Qh1+ 0-1

[Event "Mersin op 5th"]
[Site "Mersin"]
[Date "2021.11.17"]
[Round "3"]
[White "Gunebakan, Yunus Emre"]
[Black "Erdogan, Atakan"]
[Result "1/2-1/2"]
[WhiteElo "1407"]
[BlackElo "1874"]
[PlyCount "119"]
[EventDate "2021.11.16"]
[EventType "swiss"]
[EventRounds "9"]
[EventCountry "TUR"]
[SourceTitle "EXT 2023"]
[Source "ChessBase"]
[SourceDate "2022.10.05"]
[SourceVersion "1"]
[SourceVersionDate "2022.10.05"]
[SourceQuality "1"]

1. e4 c5 2. Nf3 d6 3. d4 cxd4 4. Nxd4 Nf6 5. Nc3 a6 6. g3 b5 7. a3 Bb7 8. Bg2 e6 9. 0-0 Qc7 10. Qd3 Be7 11. f4 Nbd7 12. b3 Rc8 13. Bb2 0-0 14. h3 Rfd8 15. g4 Nc5 16. Qe2 d5 17. e5 Nfe4 18. Nxe4 Nxe4 19. Bxe4 dxe4 20. Qe3 a5 21. Rac1 Bc5 22. Rfd1 Qe7 23. Kh2 Rxd4 24. Bxd4 Bxa3 25. Ra1 Rxc2+ 26. Kg1 Bd5 27. f5 exf5 28. gxf5 f6 29. exf6 Qc7 30. Rd2 Bc1 31. Rxc1 Rxc1+ 32. Kg2 gxf6 33. Bxf6 Rc2 34. Qg5+ Kf8 35. Qg7+ Qxg7+ 36. Bxg7+ Kxg7 37. Rxc2 Bxb3 38. Rc6 a4 39. Rb6 Bc4 40. Ra6 e3 41. Kf3 e2 42. Kf2 h5 43. h4 Kf7 44. Ke1 Ke7 45. f6+ Kf7 46. Kf2 Kg6 47. Ke1 Kf5 48. Rb6 Kg6 49. Ra6 Kf7 50. Kf2 a3 51. Rxa3 Kxf6 52. Rg3 Ke5 53. Rg5+ Kd4 54. Rxh5 Kd3 55. Ke1 b4 56. Rh8 b3 57. Rb8 Kc2 58. h5 b2 59. Rxb2+ Kxb2 60. h6 1/2-1/2

[Event "TUR Cup"]
[Site "Antalya"]
[Date "2020.01.30"]
[Round "8"]
[White "Erdogan, Atakan"]
[Black "Kiziltas, Inanc Vefa"]
[Result "1-0"]
[WhiteElo "1901"]
[BlackElo "1803"]
[PlyCount "69"]
[EventDate "2020.01.26"]
[EventType "swiss"]
[EventRounds "11"]
[EventCountry "TUR"]
[SourceTitle "CBM 194 Extra"]
[Source "ChessBase"]
[SourceDate "2020.03.31"]
[SourceVersion "1"]
[SourceVersionDate "2020.03.31"]
[SourceQuality "1"]

1. Nf3 Nf6 2. c4 c5 3. g3 e6 4. Bg2 Be7 5. Nc3 d5 6. cxd5 exd5 7. d4 c4 8. 0-0 h6 9. e4 Be6 10. exd5 Nxd5 11. Ne5 0-0 12. Qf3 Nxc3 13. bxc3 Nc6 14. Ng4 Bg5 15. Bxg5 Qxg5 16. Ne3 Rfe8 17. Rab1 Rab8 18. Qf4 Qxf4 19. gxf4 Na5 20. Rb5 b6 21. Re5 Bd7 22. Rd1 Kf8 23. d5 f6 24. Rxe8+ Rxe8 25. d6 b5 26. Nd5 Re2 27. Nb4 g5 28. Bf3 Re8 29. Nd5 Kg7 30. Nc7 Rd8 31. Re1 Bf5 32. Nxb5 Kg6 33. Re7 a6 34. Nd4 Rxd6 35. Rg7+ 1-0

[Event "TUR-chT 2nd League"]
[Site "Konya"]
[Date "2019.07.27"]
[Round "8.5"]
[White "Erdogan, Atakan"]
[Black "Zengin, Hande"]
[Result "1-0"]
[WhiteElo "1825"]
[BlackElo "1661"]
[PlyCount "99"]
[EventDate "2019.07.22"]
[EventType "team-swiss"]
[EventRounds "9"]
[EventCountry "TUR"]
[SourceTitle "CBM 191 Extra"]
[Source "ChessBase"]
[SourceDate "2019.09.30"]
[SourceVersion "1"]
[SourceVersionDate "2019.09.30"]
[SourceQuality "1"]
[WhiteTeam "Seyhan Belediye"]
[BlackTeam "Ego Spor"]
[WhiteTeamCountry "TUR"]
[BlackTeamCountry "TUR"]

1. Nf3 Nf6 2. d4 d5 3. g3 g6 4. Bg2 Bg7 5. 0-0 0-0 6. c4 c6 7. Nc3 a6 8. Qb3 dxc4 9. Qxc4 b5 10. Qd3 Bb7 11. Bg5 Nbd7 12. Rfd1 Qb6 13. e4 h6 14. Bf4 c5 15. d5 g5 16. Be3 Ng4 17. Rac1 Nxe3 18. Qxe3 Rac8 19. h3 Ne5 20. Kh1 Qd6 21. Rf1 Nc4 22. Qe2 f5 23. b3 Nb6 24. exf5 Rxf5 25. Ne4 Qd8 26. Nxc5 Bxd5 27. Ne6 Qd7 28. Rxc8+ Nxc8 29. Nxg7 Kxg7 30. g4 Rf6 31. Rd1 Qb7 32. Nh4 Bxg2+ 33. Nxg2 Nd6 34. Re1 Kf7 35. Kg1 Qd7 36. Qd3 Kg7 37. Ne3 Qa7 38. Re2 Rf4 39. Nd5 Rf7 40. Qc3+ Kg8 41. Qe5 Nc8 42. b4 a5 43. Qe6 Qb7 44. bxa5 Kg7 45. a6 Qb8 46. Rc2 Rf8 47. Rc7 Kh7 48. Nxe7 Qxc7 49. Qg6+ Kh8 50. Qxh6# 1-0

[Event "TUR-chT 2nd League"]
[Site "Konya"]
[Date "2019.07.26"]
[Round "7.4"]
[White "Karatas, Kutay"]
[Black "Erdogan, Atakan"]
[Result "1/2-1/2"]
[WhiteElo "1846"]
[BlackElo "1825"]
[PlyCount "96"]
[EventDate "2019.07.22"]
[EventType "team-swiss"]
[EventRounds "9"]
[EventCountry "TUR"]
[SourceTitle "CBM 191 Extra"]
[Source "ChessBase"]
[SourceDate "2019.09.30"]
[SourceVersion "1"]
[SourceVersionDate "2019.09.30"]
[SourceQuality "1"]
[WhiteTeam "Marmara Universitesi"]
[BlackTeam "Seyhan Belediye"]
[WhiteTeamCountry "TUR"]
[BlackTeamCountry "TUR"]

1. e4 c5 2. Nf3 d6 3. d4 cxd4 4. Nxd4 Nf6 5. Nc3 a6 6. Bg5 e6 7. f4 Be7 8. Qf3 Qc7 9. 0-0-0 Nbd7 10. g4 b5 11. Bxf6 Nxf6 12. g5 Nd7 13. f5 Nc5 14. f6 gxf6 15. gxf6 Bf8 16. Rg1 b4 17. Nd5 exd5 18. exd5 Bd7 19. Rg7 0-0-0 20. Rxf7 Bh6+ 21. Kb1 Qb6 22. Nc6 Rhf8 23. Rxh7 Bg5 24. f7 Kb7 25. Rg7 Bxc6 26. dxc6+ Qxc6 27. Qf5 Kb8 28. Rxg5 Qe4 29. Qf6 Kc7 30. b3 Qe3 31. Bg2 Rd7 32. Bd5 Rfxf7 33. Bxf7 Ne4 34. Rg3 Qxg3 35. hxg3 Nxf6 36. Be6 Re7 37. Bf5 d5 38. Kb2 Kd6 39. Rf1 Ke5 40. Re1+ Ne4 41. Bxe4 dxe4 42. c3 a5 43. cxb4 axb4 44. a3 bxa3+ 45. Kxa3 Rg7 46. b4 Rxg3+ 47. Ka4 Kd4 48. b5 Ke5 1/2-1/2

[Event "TUR-chT 2nd League"]
[Site "Konya"]
[Date "2019.07.25"]
[Round "6.4"]
[White "Erdogan, Atakan"]
[Black "Isik, Alparslan"]
[Result "1-0"]
[WhiteElo "1825"]
[BlackElo "2293"]
[PlyCount "89"]
[EventDate "2019.07.22"]
[EventType "team-swiss"]
[EventRounds "9"]
[EventCountry "TUR"]
[SourceTitle "CBM 191 Extra"]
[Source "ChessBase"]
[SourceDate "2019.09.30"]
[SourceVersion "1"]
[SourceVersionDate "2019.09.30"]
[SourceQuality "1"]
[WhiteTeam "Seyhan Belediye"]
[BlackTeam "Apaydin Satranc Spor"]
[WhiteTeamCountry "TUR"]
[BlackTeamCountry "TUR"]

1. Nf3 g6 2. c4 Bg7 3. Nc3 d6 4. d4 Nf6 5. e4 0-0 6. Be2 e5 7. 0-0 Nc6 8. Be3 Ng4 9. Bg5 f6 10. Bc1 exd4 11. Nxd4 Nxd4 12. Qxd4 f5 13. Qd5+ Kh8 14. Bxg4 fxg4 15. Bg5 Qe8 16. Qd2 Be6 17. b3 Be5 18. Rad1 a6 19. Be3 Kg8 20. Ne2 Bd7 21. Rfe1 Qf7 22. Bd4 Rae8 23. Nc3 Bc6 24. c5 Bxd4 25. Qxd4 dxc5 26. Qxc5 Qf4 27. Qe3 Qf7 28. Qd4 h5 29. Qc4 Re6 30. Rd2 h4 31. Re3 Rfe8 32. Rde2 b5 33. Qc5 Qf6 34. e5 Qf5 35. Ne4 Rxe5 36. Qxc6 Kg7 37. Qxc7+ R8e7 38. Qc2 Qf4 39. g3 hxg3 40. fxg3 Qf5 41. Qc3 Kh6 42. Nf2 Rc5 43. Qd2 Rxe3 44. Qxe3+ Kh5 45. Qe4 1-0

[Event "TUR Cup										"]
[Site "Antalya"]
[Date "2018.01.27"]
[Round "1"]
[White "Erdogan, Atakan"]
[Black "Simsek, Ibrahim"]
[Result "1-0"]
[WhiteElo "1742"]
[BlackElo "1388"]
[PlyCount "50"]
[EventDate "2018.01.27"]
[EventType "swiss"]
[EventRounds "11"]
[EventCountry "TUR"]
[SourceTitle "CBM 182 Extra"]
[Source "ChessBase"]
[SourceDate "2018.02.23"]
[SourceVersion "1"]
[SourceVersionDate "2018.02.23"]
[SourceQuality "1"]

1. e4 e5 2. Nf3 Nc6 3. Bb5 d6 4. h3 Nf6 5. d3 h6 6. c3 Bd7 7. 0-0 Be7 8. Re1 0-0 9. Nbd2 a6 10. Ba4 b5 11. Bc2 Be6 12. d4 exd4 13. cxd4 d5 14. e5 Ne8 15. Nf1 f6 16. exf6 Rxf6 17. Ng3 Bd7 18. Ne5 Bd6 19. a3 Ne7 20. Qd3 Nf5 21. Nxd7 Qxd7 22. Nxf5 Rxf5 23. Qxf5 Qxf5 24. Bxf5 Nf6 25. Bd2 Bh2+ 1-0